[Event "38th IND-chT 2018"]
[Site "Patia"]
[Date "2018.02.09"]
[Round "3"]
[White "Stany, G.A"]
[Black "Nitin, S."]
[Result "0-1"]
[WhiteElo "2500"]
[BlackElo "2402"]
[Annotator "TA"]
[PlyCount "93"]
[EventDate "2018.??.??"]
[EventType "team-tourn"]
[EventCountry "IND"]
[SourceTitle "playchess.com"]
[Source "ChessBase"]
[SourceQuality "1"]

{[%evp 18,93,0,-25,0,-9,-22,-96,-25,-16,-16,-22,-16,-13,0,0,0,0,31,-128,-131,-118,-125,-106,0,-70,29,-11,-16,-41,-70,-189,-191,-184,-181,-175,-172,-181,-152,-252,-232,-239,-243,-283,-272,-256,-246,-449,-448,-453,-146,-139,-148,-145,-137,-265,-256,-251,-243,-438,-225,-216,-212,-414,-413,-374,-320,-401,-335,-313,-323,-608,-610,-557,-543,-1409,-1293,-5035]} 1. e4 c5 2. Nf3 d6 3. d4 cxd4 4. Nxd4 Nf6 5. Nc3 a6 6. h3 e5 7. Nde2 h5 {B90: Sicilian Najdorf: Unusual White 6th moves, 6 Be3 Ng4 and 6 Be3 e5} 8. Bg5 (8. g3 Nbd7 9. Bg2 b5 10. Nd5 Nxd5 11. Qxd5 Qc7 12. Be3 Bb7 13. Qd2 Rc8 14. Nc3 Nb6 15. Bxb6 Qxb6 {½-½ (33) Nakamura,H (2792)-Vachier Lagrave,M (2791) Saint Louis 2017}) 8... Be6 9. Qd2 Nbd7 10. f4 {LiveBook: 4 Games} Rc8 11. f5 Bc4 12. Nc1 $146 (12. Ng3 $11) ({Predecessor:} 12. Ng3 h4 13. Bxc4 Rxc4 14. Nge2 b5 15. b3 {0-1 (62) Mihai,E (1982)-Zhak,O ICCF email 2011}) 12... Bxf1 (12... Qb6 $17 13. Nb3 d5 $1 {[%mdl 512]} 14. exd5 Bb4 15. Bxc4 Rxc4) 13. Rxf1 $11 Be7 14. Nb3 b5 15. Bxf6 Nxf6 16. O-O-O O-O 17. Kb1 a5 {[%cal Ba6a5,Ba5a4][%mdl 32]} 18. Nxb5 $2 (18. Qe2 $14 {keeps the upper hand.}) 18... a4 $17 ({Reject} 18... Nxe4 $6 19. Qd3 $11) 19. Nc1 Nxe4 20. Qd3 Nc5 (20... Qb6 $17 {...Nf2 is the strong threat.} 21. Qxe4 Qxb5) 21. Qd5 ({White should play} 21. Qe2 $11) 21... Qa5 (21... Qb6 $1 $15 22. Nxd6 Rcd8) 22. c4 (22. f6 $5 gxf6 23. c4 $11) 22... Bf6 23. Ne2 ({But not} 23. Nxd6 $6 Qb6 $16) 23... e4 {[%cal Be5e4,Be4e3][%mdl 32]} 24. Qd2 (24. Nxd6 $2 Qb4 $1 $17 {[%mdl 512]}) ({White should try} 24. Nec3 $15) 24... Qxd2 $19 25. Rxd2 e3 $1 $36 {[%cal Re3d2][%mdl 2048] White is under strong pressure.} 26. Rc2 Ne4 27. Kc1 Nd2 28. Rf4 (28. Rg1 $17) 28... Be5 29. Rh4 Rc5 $1 30. Nbc3 Bf6 $1 {[%cal Rf6h4]} 31. Rf4 Bg5 $1 32. Rd4 $2 (32. Nxa4 Ra5 33. Nac3) 32... Rxf5 33. h4 Bf6 $2 (33... Bh6 $19 {has better winning chances.} 34. Nd1 Rf1 35. Rcxd2 exd2+ 36. Kc2 Re8) 34. Rf4 $17 Rxf4 35. Nxf4 Bxh4 36. Nxa4 (36. Kd1 $17 {was necessary.}) 36... Bg5 $19 37. Ne2 f5 {White must now prevent ...f4.} 38. c5 $2 (38. Kd1) 38... dxc5 (38... h4 $142 39. c6 h3 $1 {[%mdl 512]} 40. gxh3 f4) 39. Nxc5 Re8 40. b4 $2 (40. Nd3) 40... h4 41. Nd3 Rd8 42. Ne1 {[#]} h3 $1 {[%mdl 512]} 43. gxh3 {[#]} f4 $1 {[%cal Rf4f3] And now ...f3 would win.} 44. b5 $2 (44. Ng1 e2 45. Nxe2 (45. Rxd2 $2 Rxd2 46. Ngf3 Rd1+ 47. Kc2 Be7 $19)) 44... f3 {Black is clearly winning.} 45. Nxf3 Nxf3 46. Kb2 Ne1 47. Rc5 {Precision: White = 19%, Black = 64%.} 0-1

[Event "38th IND-chT 2018"]
[Site "Patia"]
[Date "2018.02.09"]
[Round "3"]
[White "Thejkumar, M.S"]
[Black "Badamundi Tapan"]
[Result "1-0"]
[WhiteElo "2500"]
[BlackElo "1706"]
[Annotator "TA"]
[PlyCount "57"]
[EventDate "2018.??.??"]
[EventType "team-tourn"]
[EventCountry "IND"]
[SourceTitle "playchess.com"]
[Source "ChessBase"]
[SourceQuality "1"]

{[%evp 14,57,42,0,33,27,43,22,152,62,121,74,165,168,212,203,204,191,212,200,222,229,219,210,238,240,243,240,339,297,305,304,300,308,399,409,625,618,816,809,1290,1261,2055,2112,1925,1868]} 1. d4 Nf6 2. c4 g6 3. Nc3 d5 4. e3 Bg7 5. Qb3 c6 6. Nf3 a6 {D94: Grünfeldindisch (Geschlossenes System)} (6... O-O 7. Be2 e6 8. O-O b6 9. cxd5 cxd5 10. Ne5 Bb7 11. Qa4 a6 12. Bd2 b5 13. Qa3 Nc6 14. Nxc6 Bxc6 15. Rfc1 Qd7 {½-½ (89) Bogdanovich,S (2593)-Bernadskiy,V (2570) Omelnyk 2017}) 7. a4 O-O 8. Bd2 {LiveBook: 15 Partien} dxc4 {Die Stellung ist ausgeglichen.} 9. Bxc4 Nbd7 10. a5 Qc7 $146 (10... c5 $11 {bleibt in der Remisbreite.}) ({Vorgänger:} 10... Ne8 11. Bxf7+ Rxf7 12. Ng5 e6 13. Nce4 Nf8 14. Nxf7 Kxf7 15. f4 {0-1 (42) Nordenbaek,J (2252)-Bromann,T (2385) Copenhagen 2012}) 11. O-O (11. Ng5 $1 $16) 11... c5 (11... Ne8 $14) 12. Rfc1 cxd4 (12... b5 $16 {ist wohl besser.} 13. axb6 Qxb6) 13. exd4 $18 {Droht stark Lxf7+!} b5 {[#]} 14. Nxb5 $1 {[%mdl 512]} Qb7 {[#]} (14... axb5 15. Bxf7+) 15. Nc7 $1 {[%cal Rc7a8]} Qxb3 16. Bxb3 Rb8 {[#]} 17. Bc4 $1 {[%cal Bb3c4,Bc4a6,Ba6b7][%mdl 32]} Rxb2 18. Bc3 ({Keinesfalls} 18. Bxa6 $6 Bxa6 19. Nxa6 Ne4) 18... Rb8 19. Nxa6 Bxa6 20. Bxa6 Ra8 (20... Ne4 $142 21. Be1 Nd6) 21. Bb7 Ra7 22. a6 Rb8 23. Rab1 Bh6 24. Re1 e6 (24... Ne8 $142 25. d5 Nd6) 25. Ne5 {Weiß steht klar auf Gewinn.} Nd5 26. Nxd7 Nxc3 27. Nxb8 Nxb1 28. Rxb1 Bg7 29. Nc6 {Precision: Weiß = 57%, Schwarz = 18%.} 1-0

[Event "38th IND-chT 2018"]
[Site "Patia"]
[Date "2018.02.09"]
[Round "3"]
[White "Laxman, R.R"]
[Black "Narayanan.S.L"]
[Result "1-0"]
[WhiteElo "2456"]
[BlackElo "2573"]
[Annotator "TA"]
[PlyCount "127"]
[EventDate "2018.??.??"]
[EventType "team-tourn"]
[EventCountry "IND"]
[SourceTitle "playchess.com"]
[Source "ChessBase"]
[SourceQuality "1"]

{[%evp 23,127,67,68,25,27,22,30,8,14,15,4,21,8,0,12,20,36,36,47,48,27,19,92,92,100,49,72,72,102,85,98,59,79,75,77,74,75,73,80,63,70,70,70,69,69,70,73,73,74,72,71,67,68,68,71,71,78,78,86,86,86,78,78,78,78,78,93,86,89,85,122,135,185,183,302,308,309,298,399,399,481,343,421,339,580,239,254,0,583,563,945,918,1413,1363,892,831,1777,1784,1851,1826,1638,1566,1862,1688,29988,29989]} 1. d4 Nf6 2. Nf3 d5 3. c4 e6 4. Nc3 c6 5. e3 Nbd7 6. Qc2 Bd6 7. Bd3 O-O 8. O-O dxc4 9. Bxc4 e5 10. Bb3 Qe7 11. h3 Nb6 {D46: Semi-Slav: 5 e3 Nbd7 6 Bd3, Black avoids the Meran} 12. dxe5 Bxe5 {LiveBook: 5 Games} 13. a4 $146 ({Predecessor:} 13. Nxe5 Qxe5 14. e4 Re8 15. Re1 Nbd5 16. Bd2 Nf4 17. Bxf4 Qxf4 18. Rad1 Nd7 19. Re3 {1-0 (31) Bluebaum,M (2642)-Fedoseev,V (2726) Dortmund 2017}) 13... Nbd7 {White has an edge.} 14. Nxe5 Qxe5 15. Ba2 Nc5 16. b4 Nxa4 17. Bxf7+ Rxf7 18. Rxa4 Bf5 19. Qb2 Rd7 20. Ra5 $36 {[%mdl 2048] White is pushing.} b5 21. Na4 Qxb2 22. Bxb2 {[#] Threatens to win with Nb6!} Nd5 (22... bxa4 $11 23. Rxf5 Nd5) 23. Nc5 $16 Re7 24. Ba3 (24. Rd1 $16) 24... Nb6 25. Bc1 Bc2 26. Ra2 Bg6 27. e4 Bf7 28. Ra6 Na4 29. Nxa4 bxa4 30. Re1 Bb3 31. Rxc6 Bd5 32. Ra6 Rxe4 33. Rxe4 Bxe4 34. Rxa4 $14 {[%mdl 4096] Endgame KRB-KRB} Bd3 35. Ra3 Bb5 36. Be3 a6 37. Kh2 Rd8 38. Rc3 Kf7 39. g4 Rd7 40. Kg3 Kg6 41. Rc5 Re7 42. Rg5+ Kf7 43. Rf5+ Ke6 44. h4 Rf7 45. Rc5 g6 46. h5 gxh5 47. Rxh5 Rd7 48. f4 {[%cal Bf2f4,Bf4f5][%mdl 32]} Rf7 (48... Kf6 {is a better defense.} 49. Kh4 Kg7) 49. Re5+ $18 Kd7 50. Bc5 Kd8 51. f5 Kd7 52. Kf4 Bc4 53. Re3 Kc6 $2 {[#]} (53... Ba2 54. Rd3+ Kc7) 54. Rc3 (54. Be7 $142 Kd5 55. g5) 54... Kd5 55. Re3 $2 (55. Rc1) 55... Kc6 $1 56. Be7 Kd7 57. f6 Be6 58. Rd3+ Kc7 59. g5 Bd7 60. Rc3+ Kb7 61. Ke5 Bg4 62. Kd6 Kb6 63. Rc5 Bh3 64. Bd8+ {Precision: White = 75%, Black = 35%.} 1-0

[Event "38th IND-chT 2018"]
[Site "Patia"]
[Date "2018.02.09"]
[Round "3"]
[White "Bakre, Tejas"]
[Black "Sumit, Kumar"]
[Result "1/2-1/2"]
[WhiteElo "2444"]
[BlackElo "2191"]
[Annotator "TA"]
[PlyCount "81"]
[EventDate "2018.??.??"]
[EventType "team-tourn"]
[EventCountry "IND"]
[SourceTitle "playchess.com"]
[Source "ChessBase"]
[SourceQuality "1"]

{[%evp 13,81,23,12,5,32,0,30,-36,0,0,0,0,0,0,0,0,27,-14,71,64,64,61,71,60,77,72,74,34,50,-45,62,0,35,-56,-52,-51,-29,-34,40,41,27,31,29,44,37,43,26,29,33,0,4,-22,-9,-31,-48,-230,-147,-530,0,0,0,-317,-300,-326,-302,-322,-270,-306,-242,-223]} 1. c4 e5 2. g3 Nf6 3. Bg2 h6 4. Nc3 Bb4 5. Nf3 Bxc3 6. bxc3 d6 7. O-O O-O 8. Rb1 {A22: English Opening: 1...e5 2 Nc3 Nf6} c6 (8... Re8 9. d3 Nbd7 10. e4 a6 11. Nh4 b5 12. cxb5 axb5 {0-1 (37) Paszewski,M (2270)-Babula,V (2540) Pardubice 2016}) 9. Qc2 $146 ({Predecessor:} 9. Ba3 Re8 10. d3 e4 11. Nd4 Qc7 12. Qd2 {0-1 (65) Bus,T (2110)-Von Meijenfeldt,B (2184) Dieren 2013}) 9... Re8 (9... e4 $5 {[%cal Re4f3]} 10. Ne1 Re8 $11) 10. Ba3 (10. d3 $11) 10... d5 (10... e4 $15 11. Ne1 c5) 11. d4 $11 e4 12. Ne5 Nbd7 13. cxd5 cxd5 14. c4 $36 {[%mdl 2048] White has some pressure.} Qc7 15. Bb2 b6 (15... b5 $11 {keeps the balance.}) 16. Rbc1 Bb7 17. Qa4 dxc4 18. Rxc4 Qd6 19. Bh3 {[%cal Re5d7]} Nf8 20. Rfc1 (20. Ba3 $5 {[%cal Ra3d6]} Qb8 21. Nc6 Bxc6 22. Rxc6 $16 (22. Qxc6 Qd8 $16)) 20... Ne6 21. Rf1 (21. Ba3 $14 b5 22. Bxd6 bxa4 23. Rxa4) 21... Nf8 (21... a5 $15) 22. Rfc1 (22. Ba3 $5 {[%cal Ra3d6]} Qb8 23. Nc6 Bxc6 24. Rxc6 $16 (24. Qxc6 Qd8 $16)) 22... Ne6 23. Nc6 (23. Ba3 $14 b5 24. Bxd6 bxa4 25. Rxa4) 23... Qd5 24. R4c2 Qh5 ({Of course not} 24... e3 $6 25. f3 $11) 25. Bg2 {[%cal Bh3g2,Bg2e4,Be4f3][%mdl 32]} Ng5 ({Much weaker is} 25... Ng4 $6 26. h3 $16) (25... b5 $15 26. Qb4 Bxc6 27. Rxc6 Qxe2) 26. d5 $14 Nxd5 ({Don't blunder} 26... Bxc6 $2 27. dxc6 Ne6 28. Bxf6 $18) 27. h4 Ne6 $1 28. Bxe4 {Bf3 is the strong threat.} Nc5 $1 {[%cal Rc5a4]} 29. Qd4 {[%csl Gb2][%cal Rd4g7]} Nf6 {[%cal Bd5f6,Bf6e4,Be4c5,Bc5d3][%mdl 32]} 30. Bf3 Qf5 31. Qb4 {[%cal Rc2c5]} Nfe4 (31... Nd3 $5 {[%cal Rd3b4]} 32. Ne7+ Rxe7 33. Qxe7 Bxf3 34. exf3 Nxc1 35. Rxc1 Qxf3 $11) 32. Nd4 Qg6 {White must now prevent ...Nxg3!} 33. Kg2 Rad8 34. Nb3 $2 ({White should try} 34. a4 $15) 34... a5 35. Qe1 $2 {[%mdl 8192] [#]} (35. h5 $17 {nothing else works.} Qxg3+ 36. fxg3 axb4 37. Nd4) 35... Bc8 $2 ({Black should play} 35... Nxg3 $1 $19 {[%mdl 512]} 36. fxg3 Bxf3+ 37. Kf2 {[#]} Nd3+ $1 {[%mdl 512]} 38. exd3 Rxe1 39. Rxe1 Rxd3) 36. Nxc5 $11 Nxc5 37. Ba3 $2 {[%mdl 8192] [#]} (37. Qc3 $11 {and White is okay.}) 37... Nd3 $1 $19 {[%cal Rd3e1][%mdl 512]} 38. Qd2 (38. exd3 Rxe1) 38... Nxc1 39. Qxc1 Be6 40. Rc6 Rc8 41. Bb2 {Precision: White = 36%, Black = 46%.} 1/2-1/2

[Event "38th IND-chT 2018"]
[Site "Patia"]
[Date "2018.02.09"]
[Round "3"]
[White "Krishna C R G"]
[Black "Visakh N R"]
[Result "0-1"]
[WhiteElo "2416"]
[BlackElo "2457"]
[Annotator "TA"]
[PlyCount "98"]
[EventDate "2018.??.??"]
[EventType "team-tourn"]
[EventCountry "IND"]
[SourceTitle "playchess.com"]
[Source "ChessBase"]
[SourceQuality "1"]

{[%evp 20,98,0,0,0,0,0,0,12,0,0,0,7,0,9,-13,-8,-6,-4,-42,-50,-58,-56,-56,-60,-62,-30,-25,-20,-19,0,0,0,-13,0,0,0,0,0,0,0,0,0,0,0,0,0,0,0,0,0,0,0,0,0,0,0,-34,-39,-126,-92,-206,-208,-216,-29,-268,-266,-269,-269,-343,-408,-508,-533,-522,-514,-792,-758,-745,-811,-722,-690]} 1. d4 d5 2. c4 e6 3. Nf3 Nf6 4. g3 Bb4+ 5. Bd2 Be7 6. Bg2 O-O 7. O-O c6 8. Qc2 Nbd7 9. a4 {E11: Bogo-Indian} (9. Rc1 b6 10. cxd5 cxd5 11. Bf4 Bb7 12. Qb3 Rc8 13. Rxc8 Qxc8 14. Nc3 Nh5 15. Bg5 Bxg5 16. Nxg5 Qb8 {½-½ (36) Karjakin,S (2753)-Wei,Y (2743) Wijk aan Zee 2018}) 9... a5 10. Rc1 Ne4 11. Be1 {LiveBook: 4 Games. The position is equal.} Bd6 12. Nc3 {[%cal Bb1c3,Bc3e2,Be2f4][%mdl 32]} f5 13. e3 $146 ({Find the theoretical novelty and annotate with similar games:} 13. Nd2 Nxc3 14. bxc3 b6 15. cxd5 cxd5 16. c4 Nf6 17. cxd5 exd5 {½-½ (28) Deac,B (2584)-David,A (2379) Calimanesti Caciulata 2017}) 13... Kh8 14. Rab1 Qe7 15. Ne2 b6 16. Nf4 Bb7 17. Nd3 dxc4 18. Qxc4 c5 19. Nfe5 Bxe5 20. Nxe5 Nxe5 21. dxe5 Ng5 {And now ...Bxg2 would win.} 22. Qe2 $1 Be4 23. h4 Bxg2 24. Kxg2 Qb7+ 25. f3 Nf7 26. Bc3 g5 27. hxg5 Nxg5 28. Rh1 Rg8 {[%cal Bf8g8,Bg8g7,Bg7d7][%mdl 32]} 29. Rh4 Rg7 30. Rbh1 Rag8 {[#] ...Nxf3! is the strong threat.} 31. Kf2 Qc6 32. Bd2 Qd7 {Hoping for ...Nxf3!} 33. Bc3 Qe8 34. Kf1 Rd7 35. Rh6 Rg6 36. R6h4 Rdg7 37. Kf2 Nf7 38. R4h3 Qxa4 39. Rd1 (39. Qd1 $15 Qc6 40. f4) 39... Qe8 40. Qc4 (40. f4 $17) 40... Ng5 $19 41. Rh2 Qg8 $2 {[#]} ({Black should try} 41... b5 $19 42. Qf4 (42. Qxc5 Qa8 $17) 42... b4) 42. Qh4 $2 (42. Qa6 $1 $11 {and White is okay.}) 42... Qa8 43. Qf4 b5 {[%cal Bb6b5,Bb5b4][%mdl 32]} 44. b3 b4 45. Bb2 a4 {Black is clearly winning.} 46. bxa4 c4 {[%cal Bc5c4,Bc4c3][%mdl 32]} 47. Bd4 (47. Rd4 $142 c3 48. Rxb4 cxb2 49. Rxb2) 47... Qxa4 48. Rd2 Qc6 49. Rh1 c3 {Precision: White = 39%, Black = 63%.} 0-1

[Event "38th IND-chT 2018"]
[Site "Patia"]
[Date "2018.02.09"]
[Round "3"]
[White "Sidhant, Mohapatra"]
[Black "Himanshu, Sharma"]
[Result "1/2-1/2"]
[WhiteElo "2389"]
[BlackElo "2425"]
[Annotator "TA"]
[PlyCount "87"]
[EventDate "2018.??.??"]
[EventType "team-tourn"]
[EventCountry "IND"]
[SourceTitle "playchess.com"]
[Source "ChessBase"]
[SourceQuality "1"]

{[%evp 20,87,29,28,36,30,25,19,12,23,21,23,85,98,103,115,115,125,100,76,65,60,60,55,98,52,81,75,137,100,92,75,81,91,95,99,88,37,37,24,11,5,362,-426,0,0,350,-413,0,0,11,9,49,14,33,12,55,21,12,-34,-23,-65,29,-4,0,-34,-37,-34,-12,-64]} 1. e4 g6 2. d4 Bg7 3. Nf3 d6 4. Bc4 a6 5. a4 e6 6. Nc3 b6 7. Bg5 {B06: Modern Defence} (7. O-O Ne7 8. Bf4 Nd7 9. Qd2 h6 10. Rfe1 g5 11. Bg3 Ng6 12. h3 Nf6 13. e5 Nh5 14. Bh2 Nhf4 15. exd6 cxd6 {1-0 (36) Gustafsson,J (2630)-Fier,A (2636) Linares 2015}) 7... Ne7 8. Qd2 h6 9. Bf4 $146 ({Predecessor:} 9. Bh4 Nd7 10. O-O Bb7 11. Rfe1 O-O 12. Rad1 g5 {1-0 (38) Rotstein,A (2515)-Blasco,D (1981) San Nicola Arcella 2007}) 9... Bb7 10. h3 Nd7 11. O-O {LiveBook: 6 Games} g5 12. Bg3 Ng6 13. Rfe1 O-O 14. Rad1 Nf6 15. Qe3 Nh7 (15... Qe7 $11) 16. e5 $16 Bxf3 17. Qxf3 d5 18. Bd3 c5 19. Qg4 {[#] aiming for Bxg6.} Qe7 20. Qh5 cxd4 21. Nb1 {[%cal Bc3b1,Bb1d2,Bd2f3,Bf3d4][%mdl 32]} Qe8 22. b3 {[%mdl 1024] White has strong compensation.} Ne7 23. Qg4 Kh8 (23... Nc6 $142) 24. Nd2 Nc6 25. Nf3 $40 {[%mdl 128] Black is in trouble.} h5 26. Qxh5 {[%csl Gd3][%cal Rh5h7] [#]} f5 27. Qxe8 Rfxe8 28. Bf1 ({Better is} 28. Bh2 $16) 28... Rec8 $14 29. Re2 Bf8 30. Nxd4 Bc5 $2 {[%mdl 8192]} (30... Nxd4 $11 {and Black has nothing to worry.} 31. Rxd4 b5) 31. Re4 $4 {[%mdl 8192]} (31. Nxe6 $18 {was the only winning move.} f4 32. Bh2 (32. Rxd5 Nb4 $16)) 31... Bf8 $4 {[%mdl 8192]} (31... fxe4 $2 32. Nxe6 Ne7 33. c4 $19) (31... Nxd4 $2 32. Rexd4 Bxd4 33. Rxd4 $19) (31... dxe4 $19 {and all is fine.} 32. Nxe6 f4 33. Nxc5 bxc5) 32. Re2 $18 Bc5 33. Re4 $4 {[%mdl 8192]} (33. Nxe6 $18 f4 34. Bh2 (34. Rxd5 Nb4 $16)) 33... Bf8 $2 ({Weaker is} 33... fxe4 34. Nxe6 Ne7 35. Nxc5 $19) (33... Nxd4 $2 34. Rexd4 Bxd4 35. Rxd4 $19) (33... dxe4 $19 34. Nxe6 f4 35. Nxc5 bxc5) 34. Re2 $11 Nxd4 35. Rxd4 Bc5 36. Rd1 b5 37. Kh1 b4 38. f3 a5 39. Bf2 Nf8 40. Rdd2 Nh7 ({Black should play} 40... Bxf2 $15 41. Rxf2 Ng6) 41. Rd1 Nf8 42. Red2 Bxf2 43. Rxf2 Ng6 44. Re1 {Precision: White = 38%, Black = 35%.} ({White should try} 44. g3 $11) 1/2-1/2

[Event "38th IND-chT 2018"]
[Site "Patia"]
[Date "2018.02.09"]
[Round "3"]
[White "Sriram, Jha"]
[Black "Ganguly, Surya Shekhar"]
[Result "0-1"]
[WhiteElo "2388"]
[BlackElo "2650"]
[Annotator "TA"]
[PlyCount "62"]
[EventDate "2018.??.??"]
[EventType "team-tourn"]
[EventCountry "IND"]
[SourceTitle "playchess.com"]
[Source "ChessBase"]
[SourceQuality "1"]

{[%evp 17,62,-17,-7,-7,-18,-12,0,0,0,0,0,0,-7,-8,-14,-14,0,0,0,4,25,21,27,24,22,0,0,0,42,31,42,36,55,0,0,0,0,0,0,-495,-486,-583,-567,-567,-572,-566,-563]} 1. d4 Nf6 2. Nf3 g6 3. Nc3 d5 4. Bf4 Bg7 5. e3 O-O 6. Be2 c5 7. dxc5 Nbd7 8. Nxd5 {D00: Damenbauernspiele} Nxd5 9. Qxd5 Bxb2 {LiveBook: 3 Partien} 10. O-O {Und weiter mit Tab1 wäre nett.Die Stellung ist ausgeglichen.} (10. Rb1 Qa5+ 11. Kf1 Bg7 12. Bg5 Nf6 13. Bxf6 Bxf6 14. Nd4 Rd8 15. Qc4 e5 {0-1 (97) Zhang,P (2616)-Zhou,J (2623) Jinzhou 2009}) 10... Bxa1 11. Rxa1 Qa5 12. Bh6 Qxc5 13. Qb3 b6 14. Rd1 {[#] Droht Lc4 und aus.} Nf6 {Droht ...Le6.} 15. Bxf8 Kxf8 16. Bc4 $146 Bg4 17. Bxf7 Bxf3 18. gxf3 Qh5 19. Kg2 Qg5+ $1 20. Kf1 Qh5 21. Kg2 Qg5+ $1 22. Kf1 Qh4 (22... Qh5 $5) 23. Bd5 Rd8 24. Rd4 $40 {[%mdl 128] Weiss hat einigen Angriff.} Qh3+ $1 ({Falsch wäre} 24... Qh5 $2 25. Bg8 $18) 25. Ke2 (25. Kg1 $14 Rd6 26. Qd3) 25... Rd6 $1 $11 26. Qc4 Qxh2 27. Rf4 {[#] Lg8 ist eine echte Drohung.} Kg7 28. Bg8 $2 {[%mdl 8192]} (28. Be4 $11) 28... Qh1 $19 {[%csl Gd6][%cal Rh1d1] Schwarz steht klar auf Gewinn.} ({Keinesfalls} 28... Nxg8 29. Rf7+ Kh6 30. Qc3 $19) 29. Qf7+ Kh8 {[%csl Gd6][%cal Rh1d1]} 30. Rd4 Rxd4 31. exd4 Nxg8 {Precision: Weiß = 74%, Schwarz = 82%.} 0-1

[Event "38th IND-chT 2018"]
[Site "Patia"]
[Date "2018.02.09"]
[Round "3"]
[White "Kaustuv, Kundu"]
[Black "Satyanarayana G"]
[Result "1-0"]
[WhiteElo "2336"]
[BlackElo "1427"]
[Annotator "TA"]
[PlyCount "79"]
[EventDate "2018.??.??"]
[EventType "team-tourn"]
[EventCountry "IND"]
[SourceTitle "playchess.com"]
[Source "ChessBase"]
[SourceQuality "1"]

{[%evp 13,79,23,45,27,43,40,41,46,62,50,50,43,96,93,95,53,124,21,181,164,268,274,246,145,257,252,306,201,233,174,388,381,689,327,804,776,1231,1207,1568,1253,2856,2855,2830,2811,2854,2838,2834,2799,2577,2286,2551,2417,2209,2152,2877,2877,29985,29986,29979,6843,3320,3288,29989,29985,29991,29991,29991,29992]} 1. c4 c5 2. g3 Nc6 3. Bg2 d6 4. Nc3 Nf6 5. e3 {[%cal Be2e3,Be3d4,Bd4d5][%mdl 32]} e5 6. Nge2 Be7 7. O-O {A36: Symmetrical English vs ...g6: 4 Bg2 Bg7} O-O {LiveBook: 5 Games} 8. d4 exd4 9. exd4 {White is slightly better.} Bf5 10. b3 (10. Be3 Qd7 11. dxc5 dxc5 12. Qxd7 Nxd7 13. Rad1 Rfd8 14. Nd5 Bf8 {½-½ (64) Malakhatko,V (2514)-Rajesh,V (2331) New Delhi 2017}) 10... Rb8 $146 ({Predecessor:} 10... Re8 11. Ba3 Qa5 12. Na4 Rab8 13. Re1 a6 14. Bb2 Qc7 {1-0 (28) Gembicky,L (1937)-Kupka,J (1849) Zilina 2014}) 11. Bb2 Re8 12. h3 Qc8 (12... h6 $14) 13. g4 $16 Bg6 14. d5 $36 {[%mdl 2048] Black is under pressure.} Nb4 (14... Ne5 $14) 15. f4 ({Better is} 15. Nf4 $16) 15... Bd3 $2 {[#]} (15... Nxg4 $1 $11 16. f5 (16. hxg4 Qxg4 17. Rf3 Bh4 $11) 16... Bxf5 17. hxg4 Bc2) 16. a3 $18 Bxe2 (16... Bc2 {might work better.} 17. Qd2 Bxb3) 17. Qxe2 ({Don't take} 17. Nxe2 Na6 $18) 17... Na6 18. Nb5 (18. Qd3 $18) 18... Ra8 (18... Bf8 $16 {was called for.} 19. Qd2 Ra8) 19. g5 Nd7 20. Qg4 Nc7 21. Nc3 Nf8 $2 (21... b5 22. cxb5 (22. Nxb5 Nxb5 23. cxb5 Bd8 $16) 22... a6) 22. f5 f6 $2 (22... Nd7 23. Ne4 Bf8) 23. h4 (23. Ne4 $142 {[%cal Rg5f6]} fxg5 24. Nxg5) 23... fxg5 $2 (23... Nd7 24. Ne4 Rf8) 24. hxg5 {[%cal Bh4g5,Bg5f6,Bf6f7][%mdl 32]} Kh8 25. Ne4 Ng6 26. Qh5 Nf8 27. Qh6 {[%csl Gb2][%cal Rh6g7]} Bf6 {[#]} 28. gxf6 $1 {[%csl Gb2,Gf6][%cal Rh6g7][%mdl 512]} gxh6 29. f7+ Re5 30. Nxd6 {[%cal Rb2e5]} Nd7 31. Nxc8 Rxc8 32. Rae1 Kg7 33. Bxe5+ Kxf7 34. Bxc7 Rxc7 35. d6 Rc8 36. Re7+ Kf6 37. Rxd7 b6 38. Rxa7 {White mates.} h5 39. Rxh7 Rd8 40. Rxh5 {Precision: White = 55%, Black =  9%.} 1-0